<?xml version="1.0" encoding="UTF-8"?>
<record
    xmlns:xsi="http://www.w3.org/2001/XMLSchema-instance"
    xsi:schemaLocation="http://www.loc.gov/MARC21/slim http://www.loc.gov/standards/marcxml/schema/MARC21slim.xsd"
    xmlns="http://www.loc.gov/MARC21/slim">

  <leader>01897nam a2200469 u 4500</leader>
  <controlfield tag="001">1531801</controlfield>
  <controlfield tag="005">20260508094026.0</controlfield>
  <controlfield tag="008">190814s2017                        spa  </controlfield>
  <datafield tag="035" ind1=" " ind2=" ">
    <subfield code="a">1531801</subfield>
  </datafield>
  <datafield tag="040" ind1=" " ind2=" ">
    <subfield code="c">comduadb</subfield>
  </datafield>
  <datafield tag="041" ind1=" " ind2=" ">
    <subfield code="a">spa</subfield>
  </datafield>
  <datafield tag="080" ind1=" " ind2=" ">
    <subfield code="a">WB</subfield>
  </datafield>
  <datafield tag="100" ind1="1" ind2="0">
    <subfield code="a">Pinilla Roa, An&#xE1;lida Elizabeth</subfield>
    <subfield code="4">aut</subfield>
    <subfield code="e">aut</subfield>
    <subfield code="9">349308</subfield>
  </datafield>
  <datafield tag="245" ind1="1" ind2="0">
    <subfield code="a">Compendio de terap&#xE9;utica : evidencia actual</subfield>
  </datafield>
  <datafield tag="250" ind1=" " ind2=" ">
    <subfield code="a">6. edici&#xF3;n</subfield>
  </datafield>
  <datafield tag="260" ind1=" " ind2=" ">
    <subfield code="a">Bogot&#xE1; :</subfield>
    <subfield code="b">Libreria M&#xE9;dica Celsus,</subfield>
    <subfield code="c">2017.</subfield>
  </datafield>
  <datafield tag="300" ind1=" " ind2=" ">
    <subfield code="a">xxv, 947 p&#xE1;ginas</subfield>
  </datafield>
  <datafield tag="505" ind1=" " ind2=" ">
    <subfield code="a">CONTENIDO : Generalidades. -- Tipos de terapia. -- Cardiolog&#xED;a y vascular. -- Neumolog&#xED;a. -- Endocrinolog&#xED;a. -- Nefrolog&#xED;a. -- Gastroenterolog&#xED;a. -- Hemato-oncolog&#xED;a. -- Neurolog&#xED;a y psiquiatr&#xED;a. -- Infectolog&#xED;a. -- Reumatolog&#xED;a, inmunolog&#xED;a y alergia. -- Dermatolog&#xED;a. -- Toxicolog&#xED;a. -- &#xCD;ndice.</subfield>
  </datafield>
  <datafield tag="650" ind1=" " ind2=" ">
    <subfield code="a">Reanimaci&#xF3;n (medicina)</subfield>
    <subfield code="9">58726</subfield>
  </datafield>
  <datafield tag="650" ind1=" " ind2="7">
    <subfield code="a">Resucitaci&#xF3;n</subfield>
    <subfield code="2">dcs</subfield>
    <subfield code="9">184141</subfield>
  </datafield>
  <datafield tag="650" ind1=" " ind2="7">
    <subfield code="a">Cardiolog&#xED;a</subfield>
    <subfield code="2">dcs</subfield>
    <subfield code="9">21258</subfield>
  </datafield>
  <datafield tag="650" ind1=" " ind2="7">
    <subfield code="a">Neumolog&#xED;a</subfield>
    <subfield code="2">dcs</subfield>
    <subfield code="9">10209</subfield>
  </datafield>
  <datafield tag="650" ind1=" " ind2="7">
    <subfield code="a">Endocrinolog&#xED;a</subfield>
    <subfield code="2">dcs</subfield>
    <subfield code="9">4308</subfield>
  </datafield>
  <datafield tag="650" ind1=" " ind2="7">
    <subfield code="a">Nefrolog&#xED;a</subfield>
    <subfield code="2">dcs</subfield>
    <subfield code="9">7931</subfield>
  </datafield>
  <datafield tag="650" ind1=" " ind2="7">
    <subfield code="a">Gastroenterolog&#xED;a</subfield>
    <subfield code="2">dcs</subfield>
    <subfield code="9">15927</subfield>
  </datafield>
  <datafield tag="650" ind1=" " ind2="7">
    <subfield code="a">Hematolog&#xED;a</subfield>
    <subfield code="2">dcs</subfield>
    <subfield code="9">3669</subfield>
  </datafield>
  <datafield tag="650" ind1=" " ind2="7">
    <subfield code="a">Neurolog&#xED;a</subfield>
    <subfield code="2">dcs</subfield>
    <subfield code="9">8072</subfield>
  </datafield>
  <datafield tag="650" ind1=" " ind2="7">
    <subfield code="a">Psiquiatr&#xED;a</subfield>
    <subfield code="2">armarc</subfield>
    <subfield code="9">1792</subfield>
  </datafield>
  <datafield tag="650" ind1=" " ind2=" ">
    <subfield code="a">Infectolog&#xED;a</subfield>
    <subfield code="9">171755</subfield>
  </datafield>
  <datafield tag="650" ind1=" " ind2="7">
    <subfield code="a">Reumatolog&#xED;a</subfield>
    <subfield code="2">dcs</subfield>
    <subfield code="9">21098</subfield>
  </datafield>
  <datafield tag="650" ind1=" " ind2=" ">
    <subfield code="a">Dermatolog&#xED;a</subfield>
    <subfield code="9">45472</subfield>
  </datafield>
  <datafield tag="650" ind1=" " ind2="7">
    <subfield code="a">Toxicolog&#xED;a</subfield>
    <subfield code="2">lemb</subfield>
    <subfield code="9">19044</subfield>
  </datafield>
  <datafield tag="650" ind1=" " ind2="7">
    <subfield code="a">Oncolog&#xED;a m&#xE9;dica</subfield>
    <subfield code="2">dcs</subfield>
    <subfield code="9">52409</subfield>
  </datafield>
  <datafield tag="650" ind1=" " ind2="7">
    <subfield code="a">Alergia e inmunolog&#xED;a</subfield>
    <subfield code="2">dcs</subfield>
    <subfield code="9">52406</subfield>
  </datafield>
  <datafield tag="700" ind1="1" ind2="0">
    <subfield code="a">Murgueitio Cabrera, Ram&#xF3;n</subfield>
    <subfield code="4">aut</subfield>
    <subfield code="e">aut</subfield>
    <subfield code="9">627223</subfield>
  </datafield>
  <datafield tag="700" ind1="1" ind2="0">
    <subfield code="a">Calder&#xF3;n Vargas, Carlos Mauricio</subfield>
    <subfield code="4">aut</subfield>
    <subfield code="e">aut</subfield>
    <subfield code="9">791441</subfield>
  </datafield>
  <datafield tag="700" ind1="1" ind2="0">
    <subfield code="a">Mesa Urdinola, Alejandro</subfield>
    <subfield code="4">aut</subfield>
    <subfield code="e">aut</subfield>
    <subfield code="9">791442</subfield>
  </datafield>
  <datafield tag="700" ind1="1" ind2="0">
    <subfield code="a">Villalobos Monsalve, Walter Hernando</subfield>
    <subfield code="4">aut</subfield>
    <subfield code="e">aut</subfield>
    <subfield code="9">669952</subfield>
  </datafield>
  <datafield tag="700" ind1="1" ind2="0">
    <subfield code="a">Espinosa Tovar, Fernando</subfield>
    <subfield code="4">aut</subfield>
    <subfield code="e">aut</subfield>
    <subfield code="9">626994</subfield>
  </datafield>
  <datafield tag="700" ind1="1" ind2="0">
    <subfield code="a">Vega Trivi&#xF1;o, Maribel</subfield>
    <subfield code="4">aut</subfield>
    <subfield code="e">aut</subfield>
    <subfield code="9">791975</subfield>
  </datafield>
  <datafield tag="942" ind1=" " ind2=" ">
    <subfield code="c">BOOK</subfield>
  </datafield>
  <datafield tag="999" ind1=" " ind2=" ">
    <subfield code="c">808194</subfield>
    <subfield code="d">808194</subfield>
  </datafield>
  <datafield tag="952" ind1=" " ind2=" ">
    <subfield code="0">0</subfield>
    <subfield code="1">0</subfield>
    <subfield code="4">0</subfield>
    <subfield code="7">0</subfield>
    <subfield code="8">GENERAL</subfield>
    <subfield code="a">BM</subfield>
    <subfield code="b">BM</subfield>
    <subfield code="d">2019-08-14</subfield>
    <subfield code="e">Material adquirido por donaci&#xF3;n</subfield>
    <subfield code="i">C1318646</subfield>
    <subfield code="l">3</subfield>
    <subfield code="o">WB300 C6-17</subfield>
    <subfield code="p">01067600</subfield>
    <subfield code="r">2025-06-20 15:02:25</subfield>
    <subfield code="s">2025-06-09</subfield>
    <subfield code="t">1</subfield>
    <subfield code="w">2023-05-04</subfield>
    <subfield code="y">BOOK</subfield>
  </datafield>
</record>
